[Event "34. Abierto Collado Villalba 2017"]
[Site "Collado Villalba ESP"]
[Date "2017.08.24"]
[Round "3.14"]
[White "Lopez De Turiso, Jose Angel"]
[Black "Lopez Ziegler, Carlos"]
[Result "1-0"]
[WhiteElo "2035"]
[BlackElo "1852"]
[PlyCount "79"]
[EventDate "2017.08.22"]
[EventType "swiss"]
[EventRounds "9"]
[EventCountry "ESP"]
[SourceTitle "Ajedrez en Madrid"]
[Source "lmi"]
[SourceDate "2017.08.22"]
[SourceVersion "1"]
[SourceVersionDate "2018.03.05"]
[SourceQuality "1"]

1. d4 d5 2. Nf3 Nf6 3. e3 Bf5 4. Bd3 e6 5. O-O Be7 6. b3 O-O 7. Bb2 Ne4 8. Nc3
Nxc3 9. Bxc3 Bg4 10. e4 c5 11. h3 Bh5 12. exd5 cxd4 13. Bxd4 Qxd5 14. Be2 Nc6
15. Bb2 Rfd8 16. Qxd5 Rxd5 17. a3 Bg6 18. c4 Rdd8 19. b4 Bd3 20. Bxd3 Rxd3 21.
Rfd1 Rad8 22. Rxd3 Rxd3 23. Kf1 Rb3 24. Ra2 Bf6 25. Bxf6 gxf6 26. Ke2 a5 27. b5
Ne5 28. Nxe5 fxe5 29. Kd2 Kf8 30. Kc2 a4 31. Rb2 Rxb2+ 32. Kxb2 Ke7 33. c5 f5
34. f3 h6 35. Kc3 h5 36. Kb4 h4 37. Kxa4 e4 38. fxe4 fxe4 39. Kb4 e3 40. Kc3
1-0

[Event "34. Abierto Collado Villalba 2017"]
[Site "Collado Villalba ESP"]
[Date "2017.08.24"]
[Round "3.15"]
[White "Martinez Belen, Alejandro"]
[Black "Cabañas Bravo, Juan Andres"]
[Result "0-1"]
[WhiteElo "1800"]
[BlackElo "2023"]
[PlyCount "124"]
[EventDate "2017.08.22"]
[EventType "swiss"]
[EventRounds "9"]
[EventCountry "ESP"]
[SourceTitle "Ajedrez en Madrid"]
[Source "lmi"]
[SourceDate "2017.08.22"]
[SourceVersion "1"]
[SourceVersionDate "2018.03.05"]
[SourceQuality "1"]

1. d4 Nf6 2. c4 e5 3. dxe5 Ng4 4. Bf4 Bb4+ 5. Nd2 Nc6 6. Ngf3 Qe7 7. e3 Ngxe5
8. Nxe5 Nxe5 9. Be2 O-O 10. O-O Ng6 11. Bg3 Bd6 12. Bxd6 Qxd6 13. c5 Qxc5 14.
Rc1 Qe5 15. Qb3 d5 16. Nf3 Qd6 17. Rfd1 c6 18. Nd4 Qe7 19. Qc2 Re8 20. h3 Qg5
21. Nf3 Qe7 22. Rd4 Be6 23. b4 Rec8 24. Bd3 a5 25. a3 axb4 26. axb4 Qf6 27. h4
b6 28. h5 c5 29. bxc5 bxc5 30. Ra4 Rxa4 31. Qxa4 Nf8 32. Qa5 c4 33. Qa6 Qd8 34.
Be2 Ra8 35. Qb5 Qa5 36. Qb7 h6 37. Nd4 Qa3 38. Rc2 Qa1+ 39. Kh2 Ra2 40. Qc6
Rxc2 41. Nxc2 Qf6 42. Kg1 Nd7 43. Nd4 Ne5 44. Qa8+ Kh7 45. Qa2 Bf5 46. Bd1 Bd3
47. Qa8 Qd6 48. f4 Qb4 49. Kh2 Qe1 50. Qxd5 Qxd1 51. Qxe5 f6 52. Qe8 Qe1 53. f5
Qh4+ 54. Kg1 Qe4 55. Qg6+ Kg8 56. Ne6 Qxe6 57. fxe6 Bxg6 58. hxg6 Kf8 59. Kf2
Ke7 60. e4 Kxe6 61. Ke3 Ke5 62. g3 h5 0-1

[Event "34. Abierto Collado Villalba 2017"]
[Site "Collado Villalba ESP"]
[Date "2017.08.24"]
[Round "3.16"]
[White "Esquivias Gomez, Francisco J"]
[Black "Fernandez Aransay, Fernando"]
[Result "0-1"]
[WhiteElo "2015"]
[BlackElo "1844"]
[PlyCount "114"]
[EventDate "2017.08.22"]
[EventType "swiss"]
[EventRounds "9"]
[EventCountry "ESP"]
[SourceTitle "Ajedrez en Madrid"]
[Source "lmi"]
[SourceDate "2017.08.22"]
[SourceVersion "1"]
[SourceVersionDate "2018.03.05"]
[SourceQuality "1"]

1. Nf3 d5 2. d4 Nf6 3. c4 e6 4. Nc3 Be7 5. cxd5 exd5 6. Bg5 Nbd7 7. e3 O-O 8.
Bd3 b6 9. Qc2 Bb7 10. O-O h6 11. Bxf6 Nxf6 12. Ne5 c5 13. Bf5 a6 14. a4 Bd6 15.
Nf3 Qc7 16. g3 Bc8 17. Bxc8 Raxc8 18. Qe2 Qb7 19. dxc5 bxc5 20. a5 Rfe8 21. Qd1
Qxb2 22. Nxd5 Nxd5 23. Qxd5 Red8 24. Qc4 Qb7 25. Nh4 Qb5 26. Qg4 Be5 27. Rad1
Qxa5 28. Nf5 Kf8 29. f4 Qa4 30. h3 Bf6 31. Nd6 Rc6 32. Nb7 Rxd1 33. Rxd1 Qb3
34. Qd7 Qxe3+ 35. Kh2 Qe2+ 36. Kh1 Qe6 37. Qxe6 fxe6 38. Na5 Rb6 39. Rc1 Bd4
40. Nc4 Rb4 41. Kg2 Rb3 42. Nd6 a5 43. Ne4 Rb5 44. Rc4 Rb4 45. Rc2 Rb2 46. Rxb2
Bxb2 47. Nxc5 Ke7 48. Kf3 Bc3 49. Na4 Be1 50. g4 Kd6 51. Ke4 Bd2 52. f5 exf5+
53. Kxf5 Bg5 54. Kg6 Bf6 55. h4 Kc6 56. g5 hxg5 57. hxg5 Bd4 0-1

[Event "34. Abierto Collado Villalba 2017"]
[Site "Collado Villalba ESP"]
[Date "2017.08.24"]
[Round "3.17"]
[White "Sanchez Rodenas, Jose Antonio"]
[Black "Mkrtchyan, Levon"]
[Result "0-1"]
[WhiteElo "1627"]
[BlackElo "1964"]
[PlyCount "70"]
[EventDate "2017.08.22"]
[EventType "swiss"]
[EventRounds "9"]
[EventCountry "ESP"]
[SourceTitle "Ajedrez en Madrid"]
[Source "lmi"]
[SourceDate "2017.08.22"]
[SourceVersion "1"]
[SourceVersionDate "2018.03.05"]
[SourceQuality "1"]

1. d4 Nf6 2. Bg5 Ne4 3. h4 c5 4. dxc5 h6 5. Bf4 e6 6. Nc3 Nxc3 7. bxc3 Bxc5 8.
e3 Nc6 9. Bd3 d5 10. Nf3 Qf6 11. Qd2 e5 12. Nxe5 Nxe5 13. Bb5+ Nc6 14. O-O Be6
15. Bxc6+ bxc6 16. Rfb1 O-O 17. Bg3 Qe7 18. Qd3 Bd6 19. Qa6 Bxg3 20. fxg3 Qc5
21. Qd3 Rab8 22. Qd4 Qxd4 23. cxd4 Bf5 24. Rxb8 Rxb8 25. c3 Rb1+ 26. Rxb1 Bxb1
27. a3 Kf8 28. g4 Ke7 29. Kf2 Kf6 30. Kg3 Be4 31. Kf2 g5 32. g3 Bc2 33. Ke2 Kg6
34. Kd2 Be4 35. Ke2 f5 0-1

[Event "34. Abierto Collado Villalba 2017"]
[Site "Collado Villalba ESP"]
[Date "2017.08.24"]
[Round "3.18"]
[White "Perez Gonzalez, Jesus Miguel"]
[Black "Rojas Pozo, Jose Luis"]
[Result "0-1"]
[WhiteElo "1599"]
[BlackElo "1957"]
[PlyCount "50"]
[EventDate "2017.08.22"]
[EventType "swiss"]
[EventRounds "9"]
[EventCountry "ESP"]
[SourceTitle "Ajedrez en Madrid"]
[Source "lmi"]
[SourceDate "2017.08.22"]
[SourceVersion "1"]
[SourceVersionDate "2018.03.05"]
[SourceQuality "1"]

1. c4 c6 2. Nc3 d5 3. cxd5 cxd5 4. d4 Nc6 5. Nf3 Nf6 6. g3 e6 7. Bg2 Bd6 8. O-O
a6 9. Re1 O-O 10. e4 Bb4 11. e5 Ne4 12. Bd2 Nxd2 13. Qxd2 Na5 14. Bf1 Bd7 15.
Rad1 Rc8 16. Bd3 Nc4 17. Bxc4 dxc4 18. Qe2 Bc6 19. Qe3 Bxc3 20. bxc3 Qd5 21.
Kg2 f6 22. Kh3 Qxf3 23. Qxf3 Bxf3 24. Rb1 fxe5 25. Rxe5 Rf6 0-1

[Event "34. Abierto Collado Villalba 2017"]
[Site "Collado Villalba ESP"]
[Date "2017.08.24"]
[Round "3.19"]
[White "Rodriguez De Robles, Ignacio"]
[Black "Perez Pascual, Arturo"]
[Result "0-1"]
[WhiteElo "1858"]
[BlackElo "1832"]
[PlyCount "48"]
[EventDate "2017.08.22"]
[EventType "swiss"]
[EventRounds "9"]
[EventCountry "ESP"]
[SourceTitle "Ajedrez en Madrid"]
[Source "lmi"]
[SourceDate "2017.08.22"]
[SourceVersion "1"]
[SourceVersionDate "2018.03.05"]
[SourceQuality "1"]

1. e4 e5 2. Nf3 Nf6 3. Nxe5 d6 4. Nf3 Nxe4 5. d4 d5 6. Bd3 Bd6 7. O-O O-O 8.
Re1 Re8 9. Ng5 Nxg5 10. Rxe8+ Qxe8 11. Bxg5 h6 12. Be3 Nd7 13. Nc3 c6 14. Qd2
Nf8 15. Re1 Qd8 16. Bf4 Be6 17. Ne2 b5 18. Ng3 Qc7 19. Nh5 Bxf4 20. Nxf4 Re8
21. Nh5 Qd7 22. Qe3 Qd6 23. Qf3 Bg4 24. Nf6+ Qxf6 0-1

[Event "34. Abierto Collado Villalba 2017"]
[Site "Collado Villalba ESP"]
[Date "2017.08.24"]
[Round "3.20"]
[White "Lacrosse, Marc"]
[Black "Perez Cameselle, Francisco Jose"]
[Result "1/2-1/2"]
[WhiteElo "2173"]
[BlackElo "1789"]
[PlyCount "111"]
[EventDate "2017.08.22"]
[EventType "swiss"]
[EventRounds "9"]
[EventCountry "ESP"]
[SourceTitle "Ajedrez en Madrid"]
[Source "lmi"]
[SourceDate "2017.08.22"]
[SourceVersion "1"]
[SourceVersionDate "2018.03.05"]
[SourceQuality "1"]

1. d4 e6 2. c4 Nf6 3. Nf3 b6 4. a3 Be7 5. Nc3 Bb7 6. d5 O-O 7. e4 a5 8. Bd3 Na6
9. O-O Nc5 10. Bc2 d6 11. Bd2 e5 12. b4 axb4 13. axb4 Rxa1 14. Qxa1 Ncd7 15.
Qb2 c6 16. Ra1 Qc7 17. Bd3 Ra8 18. Rxa8+ Bxa8 19. Qa2 Bb7 20. h3 Qb8 21. dxc6
Bxc6 22. Be3 Qa8 23. Qxa8+ Bxa8 24. Nd2 Bc6 25. Bc2 Kf8 26. Ba4 Bxa4 27. Nxa4
Bd8 28. Kf1 Ke8 29. Ke2 Bc7 30. Kd3 Kd8 31. Nb1 Kc8 32. Nbc3 Kb7 33. Nb5 Ng8
34. Nac3 Ne7 35. Nd5 Nxd5 36. cxd5 Bb8 37. Kc4 Ka6 38. Bg5 f6 39. Be3 Nf8 40.
g4 g5 41. Na3 Ng6 42. b5+ Kb7 43. Nc2 Bc7 44. Nb4 Nh4 45. Kd3 Nf3 46. Nc6 Ng1
47. Ne7 Nxh3 48. f3 Bd8 49. Nf5 Kc7 50. Ke2 Kd7 51. Kf1 Nf4 52. Bxf4 exf4 53.
Kg2 Be7 54. Kh3 Bd8 55. Kg2 Be7 56. Kh3 1/2-1/2

[Event "34. Abierto Collado Villalba 2017"]
[Site "Collado Villalba ESP"]
[Date "2017.08.24"]
[Round "3.21"]
[White "Cardena Contreras, Javier"]
[Black "Correas Gonzalez, Jose Ramon"]
[Result "0-1"]
[WhiteElo "1925"]
[BlackElo "2018"]
[PlyCount "92"]
[EventDate "2017.08.22"]
[EventType "swiss"]
[EventRounds "9"]
[EventCountry "ESP"]
[SourceTitle "Ajedrez en Madrid"]
[Source "lmi"]
[SourceDate "2017.08.22"]
[SourceVersion "1"]
[SourceVersionDate "2018.03.05"]
[SourceQuality "1"]

1. e4 c5 2. Nf3 d6 3. d4 cxd4 4. Nxd4 Nf6 5. Nc3 a6 6. g3 e6 7. Bg2 Be7 8. Be3
Qc7 9. O-O Bd7 10. g4 h5 11. g5 Ng4 12. Bf4 Nc6 13. Nf3 O-O-O 14. Qe2 Nce5 15.
Nd2 Ng6 16. Bg3 Bc6 17. h4 Rhe8 18. b4 Qb6 19. Rab1 Qd4 20. b5 Qxc3 21. bxc6
Qxc6 22. Nc4 b5 23. Na5 Qb6 24. c4 Qxa5 25. cxb5 Kd7 26. bxa6 Rb8 27. Rb7+ Rxb7
28. axb7 N4e5 29. Rb1 Rb8 30. f4 Ng4 31. Kh1 Bd8 32. e5 d5 33. Rb5 Qc7 34. Qb2
Ne7 35. a4 Qc6 36. Be1 Ne3 37. Bf3 Nc4 38. Qb3 Nf5 39. a5 Nd4 40. Rxd5+ exd5
41. e6+ fxe6 42. Qc3 Nxf3 43. Qxg7+ Be7 44. Bb4 Nd6 45. Bc3 d4 46. Bxd4 Ne1+
0-1

[Event "34. Abierto Collado Villalba 2017"]
[Site "Collado Villalba ESP"]
[Date "2017.08.25"]
[Round "4.1"]
[White "Garrido Olivares, Ricard"]
[Black "Longa Yauca, Javier"]
[Result "0-1"]
[WhiteElo "2167"]
[BlackElo "2261"]
[PlyCount "102"]
[EventDate "2017.08.22"]
[EventType "swiss"]
[EventRounds "9"]
[EventCountry "ESP"]
[SourceTitle "Ajedrez en Madrid"]
[Source "lmi"]
[SourceDate "2017.08.22"]
[SourceVersion "1"]
[SourceVersionDate "2018.03.05"]
[SourceQuality "1"]

1. e4 e5 2. Nf3 Nc6 3. d4 exd4 4. Nxd4 Bc5 5. Nxc6 bxc6 6. Bd3 d5 7. Qe2 Ne7 8.
Nd2 O-O 9. O-O Ng6 10. Nb3 Bb6 11. Rd1 Qf6 12. Qf3 Qh4 13. h3 Re8 14. exd5 cxd5
15. Be3 Bxe3 16. fxe3 c6 17. a3 Qg5 18. Bxg6 hxg6 19. Qf4 Qe7 20. Rd3 g5 21.
Qf3 Rb8 22. Rc3 Qd6 23. Rb1 Qg6 24. Nd4 Bd7 25. b4 Re5 26. Qg3 Rbe8 27. Rbb3 g4
28. h4 Qh6 29. a4 Rh5 30. b5 Rxh4 31. bxc6 Bc8 32. Kf2 Rh1 33. Rd3 Qf6+ 34. Ke2
Qf1+ 35. Kd2 Rg1 36. Kc3 a5 37. Rb8 Rxg2 38. Qc7 Qa1+ 39. Rb2 Qe1+ 40. Kb3 Qb4+
41. Ka2 Qxa4+ 42. Ra3 Qc4+ 43. Ka1 Rg1+ 44. Rb1 Rxb1+ 45. Kxb1 a4 46. Qd6 g6
47. Qg3 Qb4+ 48. Ka2 Ba6 49. Qf2 Bc4+ 50. Nb3 Rb8 51. c7 axb3+ 0-1

[Event "34. Abierto Collado Villalba 2017"]
[Site "Collado Villalba ESP"]
[Date "2017.08.25"]
[Round "4.2"]
[White "Aranda Marin, Cristian"]
[Black "Martin Duque, Jesus"]
[Result "0-1"]
[WhiteElo "2263"]
[BlackElo "2386"]
[PlyCount "87"]
[EventDate "2017.08.22"]
[EventType "swiss"]
[EventRounds "9"]
[EventCountry "ESP"]
[SourceTitle "Ajedrez en Madrid"]
[Source "lmi"]
[SourceDate "2017.08.22"]
[SourceVersion "1"]
[SourceVersionDate "2018.03.05"]
[SourceQuality "1"]

1. e4 c5 2. Nf3 e6 3. Nc3 Nc6 4. Bb5 Nge7 5. O-O a6 6. Bxc6 Nxc6 7. d4 cxd4 8.
Nxd4 Qc7 9. Nxc6 bxc6 10. Re1 Bd6 11. Qh5 Be5 12. f4 Bd4+ 13. Be3 c5 14. Rad1
O-O 15. Kh1 Rb8 16. Bc1 f5 17. e5 g6 18. Qg5 Qc6 19. Rd3 Bb7 20. Nd1 Qa4 21.
Rd2 Qxa2 22. h4 Rf7 23. h5 Qa1 24. Nf2 Bxb2 25. Nd3 Bxc1 26. Rxc1 Qc3 27. Rcd1
Bc6 28. Kh2 a5 29. Ne1 a4 30. Rd3 Qa5 31. hxg6 hxg6 32. Rh3 Rg7 33. Qh6 Qd8 34.
Rdd3 Kf7 35. Nf3 Bxf3 36. Rhxf3 Ra8 37. Rc3 Qe7 38. Kg1 c4 39. Ra3 d5 40. exd6
Qxd6 41. Qh4 Qd4+ 42. Kh1 Rgg8 43. Qe1 Rgd8 44. Qb4 0-1

[Event "34. Abierto Collado Villalba 2017"]
[Site "Collado Villalba ESP"]
[Date "2017.08.25"]
[Round "4.3"]
[White "Valles Moreno, Ivan"]
[Black "Moreno Ruiz, Javier"]
[Result "1/2-1/2"]
[WhiteElo "2435"]
[BlackElo "2460"]
[PlyCount "90"]
[EventDate "2017.08.22"]
[EventType "swiss"]
[EventRounds "9"]
[EventCountry "ESP"]
[SourceTitle "Ajedrez en Madrid"]
[Source "lmi"]
[SourceDate "2017.08.22"]
[SourceVersion "1"]
[SourceVersionDate "2018.03.05"]
[SourceQuality "1"]

1. e4 e5 2. Nf3 Nc6 3. Bc4 Bc5 4. O-O Nf6 5. d3 d6 6. c3 a6 7. Bb3 Ba7 8. Nbd2
O-O 9. h3 h6 10. Re1 Be6 11. Bc2 Re8 12. Nf1 d5 13. exd5 Qxd5 14. Ng3 Rad8 15.
b4 Qd6 16. a4 Bc8 17. Qe2 Nd5 18. Ne4 Qe6 19. b5 Nce7 20. c4 Nb4 21. Bb1 Nf5
22. Bd2 Nd4 23. Nxd4 Bxd4 24. Ra3 a5 25. Rb3 Qg6 26. Qf3 f5 27. Nc3 Rf8 28.
Rxb4 e4 29. Qf4 axb4 30. Nd5 Rxd5 31. cxd5 b3 32. Be3 Bxe3 33. Rxe3 Qf6 34. Re1
Qd4 35. dxe4 fxe4 36. Qe3 Qxa4 37. Qxe4 Qxe4 38. Bxe4 Bf5 39. Bxf5 Rxf5 40. Rb1
Rxd5 41. Rxb3 Rc5 42. Kf1 Rc2 43. Rd3 b6 44. Rd7 Kh7 45. g4 Kg6 1/2-1/2

[Event "34. Abierto Collado Villalba 2017"]
[Site "Collado Villalba ESP"]
[Date "2017.08.25"]
[Round "4.4"]
[White "Unciti Juan, Javier"]
[Black "Hernando Pertierra, Jose Carlos"]
[Result "0-1"]
[WhiteElo "2040"]
[BlackElo "2348"]
[PlyCount "120"]
[EventDate "2017.08.22"]
[EventType "swiss"]
[EventRounds "9"]
[EventCountry "ESP"]
[SourceTitle "Ajedrez en Madrid"]
[Source "lmi"]
[SourceDate "2017.08.22"]
[SourceVersion "1"]
[SourceVersionDate "2018.03.05"]
[SourceQuality "1"]

1. e4 g6 2. d4 Bg7 3. Nc3 c6 4. Be3 d5 5. f3 Qb6 6. Qd2 Qxb2 7. Rb1 Qa3 8. exd5
a6 9. Bc4 Nf6 10. dxc6 Nxc6 11. Nge2 O-O 12. O-O b5 13. Bd3 Bb7 14. Ne4 Nxe4
15. fxe4 Rad8 16. c3 Rd7 17. Rb3 Qa5 18. Rb2 Rfd8 19. Bh6 Qa3 20. Bxg7 Kxg7 21.
Rb3 Qa5 22. Qf4 f6 23. e5 Rf8 24. Ng3 Nxe5 25. Bb1 Qb6 26. Kh1 Nf7 27. Qg4 Rd5
28. a4 Rg5 29. Qe2 Qc7 30. axb5 axb5 31. Be4 Bc8 32. Bd3 Nd6 33. Ne4 Nxe4 34.
Bxe4 Be6 35. Ra3 Bc4 36. Bd3 Bd5 37. Be4 Rh5 38. h3 Rb8 39. Bxd5 Rxd5 40. Re1
Rb7 41. Qe4 Qc4 42. Ra8 Rdd7 43. Re3 b4 44. Ra4 Qf1+ 45. Kh2 b3 46. Re1 Qf2 47.
Re2 Qf1 48. Re1 Qf5 49. Qxf5 gxf5 50. Rb1 f4 51. Kg1 b2 52. Rb4 Rbc7 53. R1xb2
Rxc3 54. Rd2 Kg6 55. Kf2 e5 56. Ke2 Rg3 57. Ke1 Kf5 58. d5 Rc3 59. Rb6 Rc5 60.
d6 Ke6 0-1

[Event "34. Abierto Collado Villalba 2017"]
[Site "Collado Villalba ESP"]
[Date "2017.08.25"]
[Round "4.5"]
[White "Cabañas Bravo, Juan Andres"]
[Black "Semprun Martinez, Fernando"]
[Result "1/2-1/2"]
[WhiteElo "2023"]
[BlackElo "2193"]
[PlyCount "101"]
[EventDate "2017.08.22"]
[EventType "swiss"]
[EventRounds "9"]
[EventCountry "ESP"]
[SourceTitle "Ajedrez en Madrid"]
[Source "lmi"]
[SourceDate "2017.08.22"]
[SourceVersion "1"]
[SourceVersionDate "2018.03.05"]
[SourceQuality "1"]

1. e4 e5 2. d4 exd4 3. c3 d5 4. exd5 Qxd5 5. cxd4 Nc6 6. Nf3 Bg4 7. Be2 Bb4+ 8.
Nc3 Bxf3 9. Bxf3 Qc4 10. Bxc6+ bxc6 11. Qe2+ Qxe2+ 12. Kxe2 O-O-O 13. Be3 Ne7
14. a3 Ba5 15. Rhd1 Rhe8 16. Kf3 Rd6 17. Rd3 Rf6+ 18. Ke2 Rd6 19. Rc1 Nd5 20.
g3 g5 21. Kf3 Rf6+ 22. Kg2 h6 23. Na4 Rfe6 24. Bd2 Bb6 25. Nc5 Re2 26. Kf1 f5
27. Re1 Rxe1+ 28. Bxe1 Bxc5 29. dxc5 Re4 30. Rf3 f4 31. gxf4 Nxf4 32. Bd2 Nd5
33. Rf8+ Kb7 34. Rh8 Rh4 35. Kg2 Ka6 36. Rb8 Rd4 37. Be1 Rg4+ 38. Kf3 Rh4 39.
Kg2 Nf4+ 40. Kf3 Rxh2 41. Bc3 Nd5 42. Be5 Rh3+ 43. Kg4 Rh4+ 44. Kf5 Rc4 45. Rh8
Rh4 46. Bg3 Rh1 47. Kg6 Ne7+ 48. Kf6 Nd5+ 49. Kg6 Ne7+ 50. Kf6 Nd5+ 51. Kg6
1/2-1/2

[Event "34. Abierto Collado Villalba 2017"]
[Site "Collado Villalba ESP"]
[Date "2017.08.25"]
[Round "4.6"]
[White "Pastor Alonso de Prado, Emilio Alberto"]
[Black "Lopez De Turiso, Jose Angel"]
[Result "1-0"]
[WhiteElo "2176"]
[BlackElo "2035"]
[PlyCount "63"]
[EventDate "2017.08.22"]
[EventType "swiss"]
[EventRounds "9"]
[EventCountry "ESP"]
[SourceTitle "Ajedrez en Madrid"]
[Source "lmi"]
[SourceDate "2017.08.22"]
[SourceVersion "1"]
[SourceVersionDate "2018.03.05"]
[SourceQuality "1"]

1. e4 c5 2. c3 Nf6 3. e5 Nd5 4. d4 cxd4 5. Nf3 Nc6 6. cxd4 d6 7. Nc3 Nxc3 8.
bxc3 dxe5 9. d5 e4 10. Ng5 Ne5 11. Nxe4 e6 12. Qa4+ Bd7 13. Qd4 f6 14. f4 exd5
15. Qxd5 Bc6 16. Qe6+ Be7 17. fxe5 Qd5 18. Qxd5 Bxd5 19. exf6 gxf6 20. Bb5+ Kf7
21. Ng3 Bxg2 22. Rg1 Bd5 23. Be3 Rac8 24. Nf5 Ba3 25. Rg7+ Ke6 26. Bd7+ Ke5 27.
Bd4+ Kf4 28. Bxc8 Rxc8 29. Ne3 Bf3 30. Kd2 a5 31. Rf1 Ke4 32. Rxh7 1-0

[Event "34. Abierto Collado Villalba 2017"]
[Site "Collado Villalba ESP"]
[Date "2017.08.25"]
[Round "4.7"]
[White "Mkrtchyan, Levon"]
[Black "Perez Ordoñez, Jose Ramon"]
[Result "1-0"]
[WhiteElo "1964"]
[BlackElo "2120"]
[PlyCount "97"]
[EventDate "2017.08.22"]
[EventType "swiss"]
[EventRounds "9"]
[EventCountry "ESP"]
[SourceTitle "Ajedrez en Madrid"]
[Source "lmi"]
[SourceDate "2017.08.22"]
[SourceVersion "1"]
[SourceVersionDate "2018.03.05"]
[SourceQuality "1"]

1. e4 c5 2. Nf3 d6 3. d4 cxd4 4. Nxd4 Nf6 5. Nc3 a6 6. Bc4 e6 7. Bb3 Nbd7 8.
Bg5 Nc5 9. Qf3 Be7 10. O-O-O Qc7 11. Rhe1 O-O 12. a3 Nxb3+ 13. Nxb3 Rd8 14. h3
b5 15. e5 Bb7 16. exf6 Bxf3 17. fxe7 Re8 18. gxf3 d5 19. Nd4 h6 20. Bd2 Rxe7
21. Rg1 Kh7 22. h4 Rd7 23. Rg4 e5 24. Nf5 g6 25. Nxh6 Rc8 26. h5 d4 27. hxg6+
fxg6 28. Nf5 Qc6 29. Rh1+ Kg8 30. Rh6 Rg7 31. Ne7+ Rxe7 32. Rgxg6+ Qxg6 33.
Rxg6+ Kf7 34. Nd5 Re6 35. Rg5 Rc5 36. Nb4 Rc8 37. Nd3 Rce8 38. Nc5 Rd6 39. Ne4
Rg6 40. Rxg6 Kxg6 41. Kd1 Re6 42. Ke2 Rc6 43. c3 dxc3 44. Bxc3 Kf5 45. Ke3 Rc7
46. Ng3+ Ke6 47. f4 exf4+ 48. Kxf4 Kd5 49. Kg4 1-0

[Event "34. Abierto Collado Villalba 2017"]
[Site "Collado Villalba ESP"]
[Date "2017.08.25"]
[Round "4.8"]
[White "Erice Alonso, Santiago"]
[Black "Robles Diaz, Jose Alberto"]
[Result "0-1"]
[WhiteElo "1963"]
[BlackElo "2088"]
[PlyCount "78"]
[EventDate "2017.08.22"]
[EventType "swiss"]
[EventRounds "9"]
[EventCountry "ESP"]
[SourceTitle "Ajedrez en Madrid"]
[Source "lmi"]
[SourceDate "2017.08.22"]
[SourceVersion "1"]
[SourceVersionDate "2018.03.05"]
[SourceQuality "1"]

1. e4 c5 2. Nf3 e6 3. g3 Nc6 4. Bg2 Nf6 5. Qe2 e5 6. O-O Be7 7. c3 O-O 8. Rd1
d5 9. d3 h6 10. Nbd2 d4 11. c4 Be6 12. Ne1 Bd6 13. Nc2 Qc7 14. Rb1 Rfe8 15. Nf3
a6 16. Bd2 b5 17. b3 Rab8 18. Nh4 bxc4 19. bxc4 Rxb1 20. Rxb1 Rb8 21. Qf1 a5
22. Na3 Nb4 23. Nb5 Rxb5 24. cxb5 Bxa2 25. Ra1 Bb3 26. Nf5 Bf8 27. f4 Qb6 28.
fxe5 Ng4 29. Qf4 h5 30. Be1 a4 31. h3 Ne3 32. Nxe3 dxe3 33. Qxe3 Nc2 34. Rc1 a3
35. Bd2 a2 36. Bc3 Qxb5 37. Qd2 Qa4 38. Ba1 Nxa1 39. Rxa1 Qd4+ 0-1

[Event "34. Abierto Collado Villalba 2017"]
[Site "Collado Villalba ESP"]
[Date "2017.08.25"]
[Round "4.9"]
[White "Rojas Pozo, Jose Luis"]
[Black "Aziz Ortego, Omar Luis"]
[Result "0-1"]
[WhiteElo "1957"]
[BlackElo "2069"]
[PlyCount "90"]
[EventDate "2017.08.22"]
[EventType "swiss"]
[EventRounds "9"]
[EventCountry "ESP"]
[SourceTitle "Ajedrez en Madrid"]
[Source "lmi"]
[SourceDate "2017.08.22"]
[SourceVersion "1"]
[SourceVersionDate "2018.03.05"]
[SourceQuality "1"]

1. c4 e5 2. Nc3 c5 3. g3 Nc6 4. Bg2 f5 5. d3 g6 6. e4 d6 7. Nge2 Nf6 8. O-O Bg7
9. Nd5 h6 10. a3 O-O 11. Rb1 Nd4 12. Nxd4 cxd4 13. f3 Nxd5 14. cxd5 Bd7 15. Bd2
Qb6 16. Be1 Rac8 17. Rf2 h5 18. Rc2 Bh6 19. Rxc8 Be3+ 20. Kh1 Rxc8 21. Bh3 Qc7
22. exf5 Bxf5 23. Bxf5 gxf5 24. f4 Qf7 25. Qf3 Rc2 26. fxe5 dxe5 27. d6 Kg7 28.
h3 Kf6 29. g4 hxg4 30. Bh4+ Bg5 31. Bxg5+ Kxg5 32. Rg1 Rc1 33. hxg4 Qh7+ 34.
Kg2 fxg4 35. Qg3 Rxg1+ 36. Kxg1 Kf5 37. Qg2 Ke6 38. d7 Qxd7 39. Qxg4+ Kd6 40.
Qe4 Qf7 41. Qh4 Qg6+ 42. Kf2 Ke6 43. Ke2 Qg2+ 44. Kd1 Qf1+ 45. Kd2 Qf4+ 0-1

[Event "34. Abierto Collado Villalba 2017"]
[Site "Collado Villalba ESP"]
[Date "2017.08.25"]
[Round "4.10"]
[White "Fernandez Aransay, Fernando"]
[Black "Villacorta Nicolas, David"]
[Result "0-1"]
[WhiteElo "1844"]
[BlackElo "2048"]
[PlyCount "82"]
[EventDate "2017.08.22"]
[EventType "swiss"]
[EventRounds "9"]
[EventCountry "ESP"]
[SourceTitle "Ajedrez en Madrid"]
[Source "lmi"]
[SourceDate "2017.08.22"]
[SourceVersion "1"]
[SourceVersionDate "2018.03.05"]
[SourceQuality "1"]

1. e4 e5 2. Nf3 Nc6 3. d4 exd4 4. Nxd4 Bc5 5. Nxc6 Qf6 6. Qe2 dxc6 7. Nc3 Be6
8. Na4 Be7 9. Qe3 Qe5 10. Bd3 Qa5+ 11. Nc3 O-O-O 12. Bd2 Nf6 13. Nb5 Qb6 14.
Qxb6 axb6 15. Nc3 Ng4 16. Be2 Nxf2 17. Rf1 Bc5 18. Bc1 Ng4 19. Bxg4 Bxg4 20.
Rxf7 Rhf8 21. Rxf8 Rxf8 22. Nd1 Bxd1 23. Kxd1 Rf1+ 24. Kd2 Rg1 25. Kd3 Be7 26.
c3 Bg5 27. Kc2 Rxg2+ 28. Kb3 Rg1 29. Kc2 Kd7 30. Rb1 Bxc1 31. Rxc1 Rxc1+ 32.
Kxc1 Ke6 33. Kd2 Ke5 34. Ke3 g5 35. Kf3 h5 36. h3 g4+ 37. hxg4 hxg4+ 38. Kxg4
Kxe4 39. b3 Kd3 40. c4 Kc3 41. Kf5 Kb2 0-1

[Event "34. Abierto Collado Villalba 2017"]
[Site "Collado Villalba ESP"]
[Date "2017.08.25"]
[Round "4.11"]
[White "Elissalt Cardenas, Hector"]
[Black "Garcia Galeote, Lorenzo"]
[Result "1-0"]
[WhiteElo "2360"]
[BlackElo "1985"]
[PlyCount "83"]
[EventDate "2017.08.22"]
[EventType "swiss"]
[EventRounds "9"]
[EventCountry "ESP"]
[SourceTitle "Ajedrez en Madrid"]
[Source "lmi"]
[SourceDate "2017.08.22"]
[SourceVersion "1"]
[SourceVersionDate "2018.03.05"]
[SourceQuality "1"]

1. d4 g6 2. e4 Bg7 3. c3 d6 4. Nf3 Nf6 5. Nbd2 O-O 6. Be2 Nc6 7. a4 e5 8. dxe5
Nxe5 9. Nxe5 dxe5 10. a5 a6 11. Qc2 Ne8 12. h4 h5 13. Nf3 Nd6 14. O-O Bd7 15.
Bg5 f6 16. Be3 Bc6 17. Bd3 Re8 18. Bc5 Bf8 19. Bxd6 Bxd6 20. b4 Qd7 21. Rfd1
Kg7 22. Bc4 Qc8 23. Bd5 Bd7 24. Rd3 Bg4 25. Nh2 Be7 26. f3 Be6 27. Rad1 Bxd5
28. Rxd5 Qe6 29. Nf1 Rad8 30. Ne3 c6 31. Rxd8 Rxd8 32. Rxd8 Bxd8 33. Qd3 Be7
34. g4 Kh7 35. gxh5 Qg8 36. hxg6+ Kxg6 37. Nf5 Kh5+ 38. Kh2 Bf8 39. Kh3 Qg1 40.
Ng3+ Kg6 41. Qd7 Kh6 42. Qf7 1-0